A house for Hermit Crab / (Record no. 1990)

MARC details
000 -LEADER
fixed length control field 01047cam a2200337 a 4500
001 - CONTROL NUMBER
control field 1990
003 - CONTROL NUMBER IDENTIFIER
control field FISKH
005 - DATE AND TIME OF LATEST TRANSACTION
control field 20251118085205.0
008 - FIXED-LENGTH DATA ELEMENTS--GENERAL INFORMATION
fixed length control field 871027s1987 maua j 000 1 eng
010 ## - LIBRARY OF CONGRESS CONTROL NUMBER
LC control number 87029261
020 ## - INTERNATIONAL STANDARD BOOK NUMBER
International Standard Book Number 0887080561
020 ## - INTERNATIONAL STANDARD BOOK NUMBER
International Standard Book Number 9780590425674
040 ## - CATALOGING SOURCE
Original cataloging agency DLC
Transcribing agency DLC
Modifying agency DLC
Language of cataloging eng
042 ## - AUTHENTICATION CODE
Authentication code lcac
050 00 - LIBRARY OF CONGRESS CALL NUMBER
Classification number PZ7.C21476
Item number Hp 1987
082 00 - DEWEY DECIMAL CLASSIFICATION NUMBER
Classification number 092
Edition number 19
100 1# - MAIN ENTRY--PERSONAL NAME
Personal name Carle, Eric.
245 12 - TITLE STATEMENT
Title A house for Hermit Crab /
Statement of responsibility, etc. Eric Carle.
260 ## - PUBLICATION, DISTRIBUTION, ETC.
Place of publication, distribution, etc. New York :
Name of publisher, distributor, etc. Scholastic,
Date of publication, distribution, etc. 1987.
300 ## - PHYSICAL DESCRIPTION
Extent 32 pages :
Other physical details color illustrations ;
Dimensions 29 cm
505 ## - FORMATTED CONTENTS NOTE
Formatted contents note M<br/>
520 ## - SUMMARY, ETC.
Summary, etc. A hermit crab who has outgrown his old shell moves into a new one, which he decorates and enhances with the various sea creatures he meets in his travels.
521 8# - TARGET AUDIENCE NOTE
Target audience note 540<br/>
Source Lexile<br/>
521 8# - TARGET AUDIENCE NOTE
Target audience note M<br/>
Source Raz-Plus<br/>
650 #1 - SUBJECT ADDED ENTRY--TOPICAL TERM
Topical term or geographic name entry element Hermit crabs
General subdivision Fiction.
650 #1 - SUBJECT ADDED ENTRY--TOPICAL TERM
Topical term or geographic name entry element Crabs
General subdivision Fiction.
650 #1 - SUBJECT ADDED ENTRY--TOPICAL TERM
Topical term or geographic name entry element Marine animals
General subdivision Fiction.
650 #1 - SUBJECT ADDED ENTRY--TOPICAL TERM
Topical term or geographic name entry element Dwellings
General subdivision Fiction.
906 ## - LOCAL DATA ELEMENT F, LDF (RLIN)
a 7
b cbc
c orignew
d 1
e ocip
f 19
g y-gencatlg
942 ## - ADDED ENTRY ELEMENTS (KOHA)
Source of classification or shelving scheme Dewey Decimal Classification
Koha item type Books
Suppress in OPAC No
Holdings
Withdrawn status Lost status Source of classification or shelving scheme Damaged status Not for loan Collection Home library Current library Shelving location Date acquired Total Checkouts Full call number Barcode Date last seen Copy number Price effective from Koha item type Date due Date last checked out
    Dewey Decimal Classification     Juvenile Fiction Footprints International School Library Network Toul Kork Campus Footprints International School Library Network Toul Kork Campus TK Primary Library Room(4th Floor), Bookcase 3&4, Shelves 17-32, Yellow Books 10/24/2023   CAR 092 PZ7.C21476 FISTK03936 10/24/2023 1 10/24/2023 Books    
    Dewey Decimal Classification     Juvenile Fiction Footprints International School Library Network Toul Kork Campus Footprints International School Library Network Toul Kork Campus TK Primary Library Room(4th Floor), Bookcase 3&4, Shelves 17-32, Yellow Books 10/24/2023   CAR 092 PZ7.C21476 FISTK02146 10/24/2023 2 10/24/2023 Books    
    Dewey Decimal Classification     Juvenile Fiction Footprints International School Library Network Toul Tom Poung Campus Footprints International School Library Network Toul Kork Campus TTP Primary Yellow Bookshelves 08/28/2025 1 CAR 092 PZ7.C21476 FISBK05675 03/25/2026 4 08/28/2025 Books 04/08/2026 03/25/2026
    Dewey Decimal Classification     Juvenile Fiction Footprints International School Library Network Toul Tom Poung Campus Footprints International School Library Network Toul Tom Poung Campus TTP Primary Yellow Bookshelves 08/20/2025   CAR 092 PZ7.C21476 FIS02595 08/20/2025 3 08/20/2025 Books    
    Dewey Decimal Classification     Juvenile Fiction Footprints International School Library Network Toul Tom Poung Campus Footprints International School Library Network Toul Tom Poung Campus TTP Primary Yellow Bookshelves 11/18/2025   CAR 092 PZ7.C21476 2025-4809 11/18/2025 5 11/18/2025 Books